• 首页
  • 本馆介绍
  • 公告通知
  • 最新文献
  • 馆藏检索
  • 电子资源
  • 读者导购
  • 参考咨询
  • 我的图书馆
  • 登录
  • 详细信息显示
  • 放入我的书架
  • 预约/预借图书
  • 作者相关作品
  • 分类相关作品
  • 丛书相关作品
  • 出版社相关作品

书目信息

  • 表格格式
  • 工作单格式
  • 卡片格式
题名:
交通运输地理学
    
 
作者: 杨吾杨 , 张国伍 , 王富年 著
分册:  
出版信息: 北京   商务印书馆  1986
页数: 467页
开本: 20cm
丛书名: 经济地理学理论丛书
单 册:
中图分类: F512.99
科图分类:
主题词: 交通运输地理学 , 交通运输经济--概况--世界
电子资源:
ISBN:
000 00828nam2 2200301 45
001 0186017819
005 20040430151447.2
010    @dCNY2.70
091    @a12017.308
100    @a19900724d1986 em y0chiy0121 ea
101 0  @achi
102    @aCN@b110000
105    @ay z 000yy
106    @ar
200 10 @a交通运输地理学@Ajiao tong yun shu di li xue@f杨吾杨等著
210    @a北京@c商务印书馆@d1986
215    @a467页@d20cm
225 2  @a经济地理学理论丛书
410  0 @120010@a经济地理学理论丛书
606    @a交通运输地理学
606 0  @a交通运输经济@x概况@x世界
690    @aF512.99
701  0 @a杨吾杨@Ayang wu yang@4著
701  0 @a张国伍@Azhang guo wu@4著
701  0 @a王富年@Awang fu nian@4著
801  0 @aCN@b深圳图书馆@c20040430
801  2 @aCN@bNLC@c20040430
905    @f2@b205344-345@dF512.99@e4
    
    交通运输地理学/杨吾杨等著.-北京:商务印书馆,1986
    467页;20cm.-(经济地理学理论丛书)
    
    
    ISBN :CNY2.70
    
●
相关链接 在E读中查询图书 在五车中查询图书 在当当中查询图书 在豆瓣中查询图书


正题名:交通运输地理学     索取号:F512.99/4         预约/预借

序号 登录号 条形码 馆藏地/架位号 状态 备注
1 0205344   000488010   第一借阅区/ [索取号:F512.99/4] 在馆    
2 0205345   000488029   第一借阅区/ [索取号:F512.99/4] 在馆    
3 0205346   000488038   第一样本阅览室/ [索取号:F512.99/4] 在馆    
唐山师范学院图书馆 欢迎您!
大连网信软件有限公司© 版权所有